000 00973cad a22002055a 4500
001 L154830
008 120123s2012 xxk f 000 0 eng d
035 _a(Sirsi) u154830
041 0 _aeng
100 1 _aGilmore, Grainne
245 0 0 _aCountry house prices fall in 2011 but regions diverse
_h[electronic resource]
260 _aLondon
_vbKnight Frank
_c2012
490 0 _aKnight Frank Prime Country House Index
_v4Q 2011
520 _aAverage prices in country house market fell by 3% in 2011. Notes regional differences with Home Counties the most resilient. The Home Counties attracts overseas buyers active in prime central London as well as domestic buyers wishing to move out of central London. The North was the worse performing region.
590 _aKA
651 4 _aUnited Kingdom
_y
690 _aResidential property
_96266
856 4 0 _uhttps://knightfrank.com/research/
_zView the report free of charge under research at www.knightfrank.com
942 _n0
999 _c113182
_d113182